Report of the plantation inquiry commission 1956. Pt III. Rubber (Record no. 22080)

MARC details
000 -LEADER
fixed length control field 00348nam a2200109Ia 4500
082 ## - DEWEY DECIMAL CLASSIFICATION NUMBER
Classification number NR:33ENQ(047)1956
Item number REP;1
245 #0 - TITLE STATEMENT
Title Report of the plantation inquiry commission 1956. Pt III. Rubber
260 ## - PUBLICATION, DISTRIBUTION, ETC. (IMPRINT)
Place of publication Delhi
Name of publisher Manager of Publications
Year of publication 1956
650 ## - SUBJECT ADDED ENTRY--TOPICAL TERM
Topical Term Plantation enquiry commission
942 ## - ADDED ENTRY ELEMENTS (KOHA)
Koha item type Books
Holdings
Withdrawn status Lost status Damaged status Not for loan Home library Current library Date acquired Full call number Accession Number Koha item type
        RRII Library RRII Library 16/12/2021 NR:33ENQ(047)1956 REP;1 02795 Books